000 00693cam0a220018100 4500
001 zam00004497
008 970717n xx eng u
035 _a(Sirsi) r134497
040 _dUPRA
100 _aScott, Tom.
_6A107755.1
245 1 0 _aAlcohol-related problems: a shared response in the Lothians.
260 _aEdinburgh :
_bHeriot-Watt University,
_c1978.
520 _aThis report is primarily concerned with the mental, physical and social consequences of the excessive consumption of alcohol.
650 4 _aAlcohol.
_6S75195.2
650 4 _aAlcoholism -- Alcoholic beverages.
_xAlcoholism -- Alcoholic beverages.
_6S80366.1
949 1 0 _mINESOR
_tBOOK
_lON-SHELF
004 134497
999 _c22371
_d22371